000 00616cam a22001932 4500
001 0000018789
005 20151217155859.0
008 100701s xx 000 0 eng d
040 _aKABU
_cKABU
110 2 _aKenya.
_bMinistry of Finance.
_@0000177603
245 1 0 _aAnnual public debt management report July 2010-June 2011 /
_cMinistry of Finance, Kenya.
250 _a1st ed.
260 _aNairobi :
_bMinistry of Finance,
_c2011.
300 _a60 p.
650 0 _aDebt, Public
_zKenya.
_@0000178192
852 1 _9p400 KES
908 _a100701
950 _@1
999 _c13674
_d13674